000 00763cab a22001815a 4500
001 L144905
008 080819s2008 xxkd f s 000 0 eng d
035 _a(Sirsi) u144905
041 0 _aeng
100 1 _aPatterson, Alan S.
245 0 0 _aProperty equities - harbinger of worse to come?
260 _c2008
490 _aProperty Forecast
_v11(6) June 2008, 2-3(2)
520 _aArticle looks at the performance of property equities over the last twelve months and suggests that more serious falls may happen in the near future. Highlights revaluation falls and general uncertainty about the current economic downturn as factors in a possible drop in values.
651 4 _aUnited Kingdom
_y
690 _aPROPERTY-PROPERTY FINANCE AND INVESTMENT
942 _n0
999 _c80632
_d80632